Middlesbrough League Players Since 2014 - Statistics

General Stats
  • This quiz has been taken 24 times
  • The average score is 149 of 291
Answer Stats
% Correct
2023/24 (Championship - 8th) England CM 35 Jonny Howson 38 2
89%
2022/23 (Championship - 4th) England CM 34 Jonny Howson 44
89%
2021/22 (Championship - 7th) England CM 33 Jonny Howson 45 1
89%
2020/21 (Championship - 10th) England CM 32 Jonny Howson 41 1
89%
2019/20 (Championship - 17th) England CM 31 Jonny Howson 41
89%
2018/19 (Championship - 7th) England CM 30 Jonny Howson 46 1
89%
2017/18 (Championship - 5th) England CM 39 Jonny Howson 43 3
89%
2023/24 (Championship - 8th) England CB 26 Dael Fry 28
83%
2022/23 (Championship - 4th) England CB 24 Dael Fry 30
83%
2021/22 (Championship - 7th) England CB 23 Dael Fry 33 1
83%
2020/21 (Championship - 10th) England CB 22 Dael Fry 32 1
83%
2019/20 (Championship - 17th) England CB 21 Dael Fry 36
83%
2018/19 (Championship - 7th) England CB 20 Dael Fry 34
83%
2017/18 (Championship - 5th) England CB 19 Dael Fry 12
83%
2015/16 (Championship - 2nd) England CB 17 Dael Fry 7
83%
2023/24 (Championship - 8th) Australia LW 25 Riley McGree 22 4
83%
2022/23 (Championship - 4th) Australia LW 23 Riley McGree 43 6
83%
2021/22 (Championship - 7th) Australia LW 22 Riley McGree 11 2
83%
2023/24 (Championship - 8th) England RB 32 Tommy Smith 6
83%
2022/23 (Championship - 4th) England RB 30 Tommy Smith 36
83%
2022/23 (Championship - 4th) England ST 26 Chuba Akpom 38 28
78%
2021/22 (Championship - 7th) England ST 25 Chuba Akpom 1
78%
2020/21 (Championship - 10th) England ST 24 Chuba Akpom 38 5
78%
2019/20 (Championship - 17th) Spain CB 28 Daniel Ayala 25 2
78%
2018/19 (Championship - 7th) Spain CB 27 Daniel Ayala 33 1
78%
2017/18 (Championship - 5th) Spain CB 26 Daniel Ayala 33 7
78%
2016/17 (Premier League - 19th) Spain CB 25 Daniel Ayala 14 1
78%
2015/16 (Championship - 2nd) Spain CB 24 Daniel Ayala 35 3
78%
2014/15 (Championship - 4th) Spain CB 23 Daniel Ayala 30 4
78%
2023/24 (Championship - 8th) Ivory Coast ST 25 Emmanuel Latte Lath 30 16
78%
2019/20 (Championship - 17th) England LB 31 George Friend 14
78%
2018/19 (Championship - 7th) England LB 30 George Friend 38 2
78%
2017/18 (Championship - 5th) England LB 29 George Friend 33 2
78%
2016/17 (Premier League - 19th) England LB 28 George Friend 24
78%
2015/16 (Championship - 2nd) England LB 27 George Friend 40 1
78%
2014/15 (Championship - 4th) England LB 26 George Friend 42 1
78%
2023/24 (Championship - 8th) Finland ST 24 Marcus Forss 21 7
78%
2022/23 (Championship - 4th) Finland ST 23 Marcus Forss 38 10
78%
2023/24 (Championship - 8th) Northern Ireland CB 29 Paddy McNair 21
78%
2022/23 (Championship - 4th) Northern Ireland CB 27 Paddy McNair 30 1
78%
2021/22 (Championship - 7th) Northern Ireland CB 26 Paddy McNair 42 5
78%
2020/21 (Championship - 10th) Northern Ireland CB 25 Paddy McNair 46 2
78%
2019/20 (Championship - 17th) Northern Ireland CB 24 Paddy McNair 41 6
78%
2018/19 (Championship - 7th) Northern Ireland CB 23 Paddy McNair 16
78%
2023/24 (Championship - 8th) Senegal GK 29 Seny Dieng 35
78%
2019/20 (Championship - 17th) England CM 30 Adam Clayton 27
72%
2018/19 (Championship - 7th) England CM 29 Adam Clayton 36
72%
2017/18 (Championship - 5th) England CM 28 Adam Clayton 32
72%
2016/17 (Premier League - 19th) England CM 27 Adam Clayton 34
72%
2015/16 (Championship - 2nd) England CM 26 Adam Clayton 43 1
72%
2014/15 (Championship - 4th) England CM 25 Adam Clayton 41
72%
2019/20 (Championship - 17th) Ireland GK 32 Darren Randolph 14
72%
2018/19 (Championship - 7th) Ireland GK 31 Darren Randolph 46
72%
2017/18 (Championship - 5th) Ireland GK 30 Darren Randolph 46
72%
2021/22 (Championship - 7th) Wales LB 32 Neil Taylor 14
72%
2023/24 (Championship - 8th) Netherlands CB 19 Rav van den Berg 34 1
72%
2022/23 (Championship - 4th) England LB 22 Ryan Giles 45
72%
2023/24 (Championship - 8th) Australia LW 23 Sam Silvera 37 4
72%
2018/19 (Championship - 7th) England LM 33 Stewart Downing 38 2
72%
2017/18 (Championship - 5th) England LM 32 Stewart Downing 40 3
72%
2016/17 (Premier League - 19th) England LM 31 Stewart Downing 30 1
72%
2015/16 (Championship - 2nd) England LM 30 Stewart Downing 45 3
72%
2022/23 (Championship - 4th) England AM 19 Aaron Ramsey 11 5
67%
2017/18 (Championship - 5th) Spain RW 21 Adama Traore 34 5
67%
2016/17 (Premier League - 19th) Spain RW 20 Adama Traore 27
67%
2016/17 (Premier League - 19th) Ghana RW 28 Albert Adomah 2
67%
2015/16 (Championship - 2nd) Ghana RW 27 Albert Adomah 43 6
67%
2014/15 (Championship - 4th) Ghana RW 26 Albert Adomah 43 5
67%
2016/17 (Premier League - 19th) Spain ST 30 Alvaro Negredo 36 9
67%
2023/24 (Championship - 8th) Suriname RB 27 Anfernee Dijksteel 20
67%
2022/23 (Championship - 4th) Suriname RB 25 Anfernee Dijksteel 20
67%
2021/22 (Championship - 7th) Suriname RB 24 Anfernee Dijksteel 34
67%
2020/21 (Championship - 10th) Suriname RB 23 Anfernee Dijksteel 29
67%
2019/20 (Championship - 17th) Suriname RB 22 Anfernee Dijksteel 16
67%
2017/18 (Championship - 5th) England CB 24 Ben Gibson 46 1
67%
2016/17 (Premier League - 19th) England CB 23 Ben Gibson 38 1
67%
2015/16 (Championship - 2nd) England CB 22 Ben Gibson 33 1
67%
2014/15 (Championship - 4th) England CB 21 Ben Gibson 36
67%
2020/21 (Championship - 10th) DR Congo ST 27 Britt Assombalonga 31 5
67%
2019/20 (Championship - 17th) DR Congo ST 26 Britt Assombalonga 35 11
67%
2018/19 (Championship - 7th) DR Congo ST 25 Britt Assombalonga 42 14
67%
2017/18 (Championship - 5th) DR Congo ST 24 Britt Assombalonga 44 15
67%
2022/23 (Championship - 4th) England ST 20 Cameron Archer 20 11
67%
2016/17 (Premier League - 19th) Uruguay ST 29 Cristhian Stuani 23 4
67%
2015/16 (Championship - 2nd) Uruguay ST 28 Cristhian Stuani 35 7
67%
2023/24 (Championship - 8th) Ireland CB 30 Darragh Lenihan 8 1
67%
2022/23 (Championship - 4th) Ireland CB 28 Darragh Lenihan 41
67%
2023/24 (Championship - 8th) Ireland AM 23 Finn Azaz 20 4
67%
2018/19 (Championship - 7th) England CM 32 Grant Leadbitter 2
67%
2017/18 (Championship - 5th) England CM 31 Grant Leadbitter 32 3
67%
2016/17 (Premier League - 19th) England CM 30 Grant Leadbitter 13 1
67%
2015/16 (Championship - 2nd) England CM 29 Grant Leadbitter 41 4
67%
2014/15 (Championship - 4th) England CM 28 Grant Leadbitter 43 12
67%
2023/24 (Championship - 8th) England DM 21 Hayden Hackney 21 1
67%
2022/23 (Championship - 4th) England DM 20 Hayden Hackney 34 3
67%
2020/21 (Championship - 10th) England DM 18 Hayden Hackney 1
67%
2023/24 (Championship - 8th) England RW 24 Isaiah Jones 35 8
67%
2022/23 (Championship - 4th) England RW 23 Isaiah Jones 34 3
67%
2021/22 (Championship - 7th) England RW 22 Isaiah Jones 42 1
67%
2020/21 (Championship - 10th) Scotland GK 27 Jordan Archer 5
67%
2023/24 (Championship - 8th) England AM 30 Matt Crooks 25 3
67%
2022/23 (Championship - 4th) England AM 28 Matt Crooks 37 7
67%
2021/22 (Championship - 7th) England AM 27 Matt Crooks 40 10
67%
2019/20 (Championship - 17th) Benin ST 30 Rudy Gestede 19 2
67%
2018/19 (Championship - 7th) Benin ST 29 Rudy Gestede 4
67%
2017/18 (Championship - 5th) Benin ST 28 Rudy Gestede 19 3
67%
2016/17 (Premier League - 19th) Benin ST 27 Rudy Gestede 16 1
67%
2023/24 (Championship - 8th) Australia GK 26 Tom Glover 12
67%
2022/23 (Championship - 4th) United States GK 27 Zack Steffen 42
67%
2020/21 (Championship - 10th) England ST 24 Ashley Fletcher 12 2
61%
2019/20 (Championship - 17th) England ST 23 Ashley Fletcher 43 11
61%
2018/19 (Championship - 7th) England ST 22 Ashley Fletcher 21 5
61%
2017/18 (Championship - 5th) England ST 21 Ashley Fletcher 16 1
61%
2016/17 (Premier League - 19th) Equatorial Guinea ST 26 Emilio Nsue 4
61%
2015/16 (Championship - 2nd) Equatorial Guinea ST 25 Emilio Nsue 40 3
61%
2014/15 (Championship - 4th) Equatorial Guinea ST 24 Emilio Nsue 26
61%
2016/17 (Premier League - 19th) Uruguay CM 25 Gaston Ramirez 24 2
61%
2015/16 (Championship - 2nd) Uruguay CM 24 Gaston Ramirez 18 7
61%
2020/21 (Championship - 10th) Northern Ireland CM 27 George Saville 42 6
61%
2019/20 (Championship - 17th) Northern Ireland CM 26 George Saville 37 1
61%
2018/19 (Championship - 7th) Northern Ireland CM 25 George Saville 34 4
61%
2023/24 (Championship - 8th) Denmark LB 25 Lukas Engel 35 2
61%
2017/18 (Championship - 5th) Netherlands DM 26 Marten de Roon 1
61%
2016/17 (Premier League - 19th) Netherlands DM 25 Marten de Roon 33 4
61%
2018/19 (Championship - 7th) Bosnia DM 25 Muhamed Besic 37 2
61%
2017/18 (Championship - 5th) Bosnia DM 24 Muhamed Besic 15 1
61%
2017/18 (Championship - 5th) England ST 23 Patrick Bamford 39 11
61%
2016/17 (Premier League - 19th) England ST 22 Patrick Bamford 8 1
61%
2014/15 (Championship - 4th) England ST 20 Patrick Bamford 38 17
61%
2021/22 (Championship - 7th) Ivory Coast CB 36 Sol Bamba 24
61%
2016/17 (Premier League - 19th) Spain GK 34 Victor Valdes 28
61%
2016/17 (Premier League - 19th) Denmark LW 22 Viktor Fischer 13
61%
2023/24 (Championship - 8th) Sierra Leone LB 24 Alex Bangura 14 2
56%
2017/18 (Championship - 5th) Wales RB 21 Connor Roberts 1
56%
2023/24 (Championship - 8th) England CM 27 Dan Barlaser 33
56%
2022/23 (Championship - 4th) England CM 25 Dan Barlaser 11
56%
2015/16 (Championship - 2nd) Greece GK 36 Dimitrios Konstantopoulos 46
56%
2014/15 (Championship - 4th) Greece GK 35 Dimitrios Konstantopoulos 40
56%
2017/18 (Championship - 5th) Brazil RB 26 Fabio 22 1
56%
2016/17 (Premier League - 19th) Brazil RB 25 Fabio 24
56%
2022/23 (Championship - 4th) England GK 27 Liam Roberts 4
56%
2023/24 (Championship - 8th) England RB 32 Luke Ayling 19
56%
2023/24 (Championship - 8th) England CB 27 Matt Clarke 24 1
56%
2022/23 (Championship - 4th) England CB 25 Matt Clarke 6
56%
2023/24 (Championship - 8th) England LW 21 Morgan Rogers 26 2
56%
2020/21 (Championship - 10th) England RW 23 Patrick Roberts 9
56%
2019/20 (Championship - 17th) England RW 22 Patrick Roberts 10 1
56%
2021/22 (Championship - 7th) Egypt CM 29 Sam Morsy 3
56%
2020/21 (Championship - 10th) Egypt CM 28 Sam Morsy 31 1
56%
2016/17 (Premier League - 19th) Spain RB 29 Antonio Barragan 26
50%
2019/20 (Championship - 17th) England GK 21 Aynsley Pears 24
50%
2016/17 (Premier League - 19th) Colombia CB 26 Bernardo Espinosa 11
50%
2016/17 (Premier League - 19th) United States GK 31 Brad Guzan 10
50%
2021/22 (Championship - 7th) United States ST 19 Folarin Balogun 18 3
50%
2016/17 (Premier League - 19th) Scotland ST 26 Jordan Rhodes 6
50%
2015/16 (Championship - 2nd) Scotland ST 25 Jordan Rhodes 18 6
50%
2023/24 (Championship - 8th) England ST 21 Josh Coburn 21 5
50%
2022/23 (Championship - 4th) England ST 19 Josh Coburn 1
50%
2021/22 (Championship - 7th) England ST 18 Josh Coburn 18 4
50%
2020/21 (Championship - 10th) England ST 17 Josh Coburn 4 1
50%
2022/23 (Championship - 4th) England LB 24 Marc Bola 25
50%
2021/22 (Championship - 7th) England LB 23 Marc Bola 23 1
50%
2020/21 (Championship - 10th) England LB 22 Marc Bola 41 1
50%
2019/20 (Championship - 17th) England LB 21 Marc Bola 7
50%
2021/22 (Championship - 7th) England LW 22 Marcus Tavernier 44 5
50%
2020/21 (Championship - 10th) England LW 21 Marcus Tavernier 29 3
50%
2019/20 (Championship - 17th) England LW 20 Marcus Tavernier 37 3
50%
2018/19 (Championship - 7th) England LW 19 Marcus Tavernier 20 3
50%
2017/18 (Championship - 5th) England LW 18 Marcus Tavernier 5 1
50%
2022/23 (Championship - 4th) United States ST 21 Matthew Hoppe 6
50%
2021/22 (Championship - 7th) Cuba LW 28 Onel Hernandez 17 1
50%
2015/16 (Championship - 2nd) Czech Republic CB 22 Tomas Kalas 26
50%
2014/15 (Championship - 4th) Czech Republic CB 21 Tomas Kalas 17
50%
2017/18 (Championship - 5th) England CM 26 Adam Forshaw 11
44%
2016/17 (Premier League - 19th) England CM 24 Adam Forshaw 34
44%
2015/16 (Championship - 2nd) England CM 23 Adam Forshaw 29 2
44%
2014/15 (Championship - 4th) England CM 22 Adam Forshaw 18
44%
2021/22 (Championship - 7th) Slovenia ST 27 Andraz Sporar 35 8
44%
2016/17 (Premier League - 19th) England CB 21 Calum Chambers 24 1
44%
2022/23 (Championship - 4th) Northern Ireland CM 22 Caolan Boyd-Munce 1
44%
2021/22 (Championship - 7th) Northern Ireland CM 21 Caolan Boyd-Munce 1
44%
2016/17 (Premier League - 19th) England ST 31 David Nugent 4
44%
2015/16 (Championship - 2nd) England ST 30 David Nugent 38 8
44%
2022/23 (Championship - 4th) England RW 28 Duncan Watmore 21 5
44%
2021/22 (Championship - 7th) England RW 27 Duncan Watmore 41 7
44%
2020/21 (Championship - 10th) England RW 26 Duncan Watmore 30 9
44%
2021/22 (Championship - 7th) England GK 26 Joe Lumley 34
44%
2018/19 (Championship - 7th) Denmark ST 27 Martin Braithwaite 17 3
44%
2017/18 (Championship - 5th) Denmark ST 26 Martin Braithwaite 19 5
44%
2021/22 (Championship - 7th) Argentina CM 22 Martin Payero 13 1
44%
2022/23 (Championship - 4th) Brazil ST 21 Rodrigo Muniz 17 2
44%
2023/24 (Championship - 8th) England ST 18 Sonny Finch 1
44%
2022/23 (Championship - 4th) England ST 16 Sonny Finch 3
44%
2020/21 (Championship - 10th) DR Congo LW 31 Yannick Bolasie 15 3
44%
2021/22 (Championship - 7th) Ireland ST 21 Aaron Connolly 19 2
39%
2023/24 (Championship - 8th) Ireland LW 22 Alex Gilbert 12 1
39%
2015/16 (Championship - 2nd) Italy LW 24 Diego Fabbrini 22 4
39%
2021/22 (Championship - 7th) England RB 20 Djed Spence 3
39%
2020/21 (Championship - 10th) England RB 19 Djed Spence 38 1
39%
2019/20 (Championship - 17th) England RB 18 Djed Spence 22 1
39%
2014/15 (Championship - 4th) Belgium ST 25 Jelle Vossen 33 7
39%
2018/19 (Championship - 7th) Nigeria DM 31 John Obi Mikel 18 1
39%
2015/16 (Championship - 2nd) Spain ST 25 Kike Garcia 19 4
39%
2014/15 (Championship - 4th) Spain ST 24 Kike Garcia 42 9
39%
2015/16 (Championship - 2nd) Spain ST 29 Kike Sola 2
39%
2021/22 (Championship - 7th) England RB 34 Lee Peltier 21
39%
2023/24 (Championship - 8th) England CM 25 Lewis O'Brien 23
39%
2019/20 (Championship - 17th) Germany ST 20 Lukas Nmecha 11
39%
2020/21 (Championship - 10th) England LM 29 Marvin Johnson 42 3
39%
2019/20 (Championship - 17th) England LM 28 Marvin Johnson 38 1
39%
2017/18 (Championship - 5th) England LM 26 Marvin Johnson 17 1
39%
2023/24 (Championship - 8th) England AM 22 Sam Greenwood 37 5
39%
2021/22 (Championship - 7th) Uganda ST 26 Uche Ikpeazu 20 2
39%
2018/19 (Championship - 7th) England CB 28 Aden Flint 39 1
33%
2017/18 (Championship - 5th) Algeria DM 31 Adlene Guedioura 1
33%
2016/17 (Premier League - 19th) Algeria DM 30 Adlene Guedioura 5
33%
2017/18 (Championship - 5th) Ireland RB 24 Cyrus Christie 25 1
33%
2015/16 (Championship - 2nd) Venezuela CB 30 Fernando Amorebieta 13
33%
2014/15 (Championship - 4th) Venezuela CB 29 Fernando Amorebieta 4
33%
2019/20 (Championship - 17th) Cameroon CB 21 Harold Moukoudi 8
33%
2023/24 (Championship - 8th) England LB 25 Hayden Coulson 2
33%
2020/21 (Championship - 10th) England LB 22 Hayden Coulson 17
33%
2019/20 (Championship - 17th) England LB 21 Hayden Coulson 29 1
33%
2021/22 (Championship - 7th) Cameroon CM 25 James Lea Siliki 11
33%
2015/16 (Championship - 2nd) Belgium DM 20 Julien De Sart 2
33%
2014/15 (Championship - 4th) England SS 25 Lee Tomlin 42 7
33%
2021/22 (Championship - 7th) England GK 33 Luke Daniels 12
33%
2023/24 (Championship - 8th) England LB 22 Luke Thomas 12
33%
2020/21 (Championship - 10th) DR Congo LW 28 Neeskens Kebano 18 1
33%
2014/15 (Championship - 4th) Australia CB 25 Rhys Williams 1
33%
2014/15 (Championship - 4th) Spain GK 25 Tomas Mejias 7
33%
2022/23 (Championship - 4th) England CM 27 Alex Mowatt 28
28%
2023/24 (Championship - 8th) Ireland ST 20 Calum Kavanagh 2
28%
2015/16 (Championship - 2nd) Uruguay CM 23 Carlos de Pena 6
28%
2014/15 (Championship - 4th) England CM 32 Dean Whitehead 18
28%
2023/24 (Championship - 8th) England AM 18 Law McCabe 3
28%
2017/18 (Championship - 5th) England CM 22 Lewis Baker 12 1
28%
2014/15 (Championship - 4th) England AM 21 Luke Williams 4
28%
2020/21 (Championship - 10th) England AM 22 Marcus Browne 5 2
28%
2019/20 (Championship - 17th) England AM 21 Marcus Browne 13
28%
2020/21 (Championship - 10th) Guatemala RW 28 Nathaniel Mendez-Laing 9 1
28%
2020/21 (Championship - 10th) England CB 18 Nathan Wood 4
28%
2019/20 (Championship - 17th) England CB 17 Nathan Wood 1
28%
2019/20 (Championship - 17th) Jamaica AM 26 Ravel Morrison 3
28%
2015/16 (Championship - 2nd) Belgium RB 26 Ritchie De Laet 10
28%
2019/20 (Championship - 17th) England SS 18 Stephen Walker 7
28%
2015/16 (Championship - 2nd) England LM 22 Adam Reach 4 1
22%
2014/15 (Championship - 4th) England LM 21 Adam Reach 39 2
22%
2015/16 (Championship - 2nd) Argentina DM 22 Bruno Zuculini 5
22%
2022/23 (Championship - 4th) England RB 28 Darnell Fisher 1
22%
2020/21 (Championship - 10th) England RB 26 Darnell Fisher 12
22%
2019/20 (Championship - 17th) Austria GK 25 Dejan Stojanovic 8
22%
2014/15 (Championship - 4th) Argentina RW 26 Emmanuel Ledesma 1
22%
2016/17 (Premier League - 19th) England LB 22 James Husband 1
22%
2014/15 (Championship - 4th) England LB 20 James Husband 3
22%
2023/24 (Championship - 8th) England CB 16 James Wilson 1
22%
2014/15 (Championship - 4th) England CB 34 Jonathan Woodgate 7 1
22%
2020/21 (Championship - 10th) England CM 25 Lewis Wing 12 1
22%
2019/20 (Championship - 17th) England CM 24 Lewis Wing 40 7
22%
2018/19 (Championship - 7th) England CM 23 Lewis Wing 28 3
22%
2020/21 (Championship - 10th) England GK 28 Marcus Bettinelli 41
22%
2014/15 (Championship - 4th) Serbia CB 18 Milos Veljkovic 3
22%
2018/19 (Championship - 7th) Netherlands LW 27 Rajiv van La Parra 3
22%
2019/20 (Championship - 17th) England CB 30 Ryan Shotton 21
22%
2018/19 (Championship - 7th) England CB 29 Ryan Shotton 34
22%
2017/18 (Championship - 5th) England CB 28 Ryan Shotton 24 1
22%
2021/22 (Championship - 7th) France LB 21 William Kokolo 1
22%
2015/16 (Championship - 2nd) Suriname LW 23 Yanic Wildschut 1
22%
2014/15 (Championship - 4th) Suriname LW 22 Yanic Wildschut 11 2
22%
2023/24 (Championship - 8th) England ST 17 Ajay Matthews 2
17%
2021/22 (Championship - 7th) England CB 29 Grant Hall 8
17%
2020/21 (Championship - 10th) England CB 28 Grant Hall 19 2
17%
2014/15 (Championship - 4th) Nigeria CB 20 Kenneth Omeruo 19
17%
2023/24 (Championship - 8th) England LW 18 Charlie Lennon 1
11%
2014/15 (Championship - 4th) Netherlands RB 28 Dwight Tiendalli 2
11%
2017/18 (Championship - 5th) England RW 20 Jack Harrison 4
11%
2015/16 (Championship - 2nd) England CB 21 Jack Stephens 2
11%
2018/19 (Championship - 7th) England ST 26 Jordan Hugill 37 6
11%
2022/23 (Championship - 4th) England LW 19 Pharrell Willis 1
11%
2014/15 (Championship - 4th) England RB 21 Ryan Fredericks 17
11%
2019/20 (Championship - 17th) England CM 20 Ben Liddle 1
6%
2020/21 (Championship - 10th) England CM 20 Connor Malley 3
6%
2014/15 (Championship - 4th) Spain RB 32 Damia Abella 6
6%
2020/21 (Championship - 10th) England LB 19 Jack Robinson 1
6%
2017/18 (Championship - 5th) England CB 30 Martin Cranie 9
6%
2021/22 (Championship - 7th) England ST 23 Toyosi Olusanya 3
6%
2018/19 (Championship - 7th) England CB 27 Danny Batth 10
0%
2020/21 (Championship - 10th) England RW 19 Sam Folarin 2
0%
2018/19 (Championship - 7th) England LB 23 Sam McQueen 5
0%
2014/15 (Championship - 4th) England CB 26 Seb Hines 3
0%
2019/20 (Championship - 17th) England ST 19 Tyrone O'Neill 1
0%
No matching quizzes found
Score Distribution
Percent of People with Each Score
Percentile by Number Answered
Your Score History
You have not taken this quiz